[Event "Plzen, FSB A"]
[Site "?"]
[Date "2001.??.??"]
[Round "5.10"]
[White "Bujnoch, R."]
[Black "Nun, J."]
[Result "0-1"]
[WhiteElo "2120"]
[BlackElo "2389"]
[PlyCount "104"]
[EventDate "2000.??.??"]
[Source "ChessBase"]
[SourceDate "1996.11.15"]

1. e4 c5 2. Nf3 Nc6 3. d4 cxd4 4. Nxd4 e5 5. Nb5 d6 6. N1c3 Nf6 7. Bg5 a6 8.
Na3 b5 9. Nd5 Be7 10. Bxf6 Bxf6 11. c3 Ne7 12. Nxf6+ gxf6 13. Qd2 f5 14. O-O-O
fxe4 15. Qxd6 Qxd6 16. Rxd6 Be6 17. Rxa6 Rxa6 18. Bxb5+ Rc6 19. b3 O-O 20. Bxc6
Nxc6 21. Rd1 Rc8 22. Kb2 Kf8 23. Nb5 Ke7 24. a4 f5 25. b4 f4 26. Na3 Rb8 27.
Re1 Nxb4 28. cxb4 Rxb4+ 29. Kc1 Rxa4 30. Nb1 Bf5 31. Nc3 Rd4 32. g3 Kf6 33. h4
Rd3 34. Nxe4+ Bxe4 35. Rxe4 fxg3 36. fxg3 Rxg3 37. Ra4 Rd3 38. Kc2 Rd7 39. Rg4
Kf5 40. Rg1 e4 41. h5 h6 42. Rg6 e3 43. Rg8 Kf4 44. Rg6 e2 45. Rf6+ Kg3 46.
Rg6+ Kf2 47. Rf6+ Ke1 48. Rf5 Rc7+ 49. Kb2 Rc4 50. Kb3 Rh4 51. Kc2 Rh2 52. Rf4
Rxh5 0-1

[Event "Plzen, FSB A"]
[Site "?"]
[Date "2001.??.??"]
[Round "5.11"]
[White "Michalek, J."]
[Black "Porat, S."]
[Result "1/2-1/2"]
[WhiteElo "2365"]
[BlackElo "2230"]
[PlyCount "88"]
[EventDate "2000.??.??"]
[Source "ChessBase"]
[SourceDate "1996.11.15"]

1. Nf3 Nf6 2. g3 g6 3. Bg2 Bg7 4. O-O O-O 5. d3 d6 6. e4 c5 7. a4 Nc6 8. Nbd2
Rb8 9. Nc4 h6 10. Re1 Be6 11. Bd2 Nd7 12. Qc1 Kh7 13. h4 Qc8 14. Ne3 b5 15.
axb5 Rxb5 16. Bc3 Bxc3 17. bxc3 Nf6 18. c4 Rb8 19. Nd5 Ng8 20. c3 Bg4 21. Qc2
e6 22. Ne3 Bxf3 23. Bxf3 Nf6 24. Bg2 Qc7 25. Ra6 Rb6 26. Rxb6 Qxb6 27. Rb1 Qc7
28. Qa4 Rb8 29. Rb5 Rb6 30. f4 Nb8 31. Kh2 a6 32. Rb3 Nfd7 33. d4 Rxb3 34. Qxb3
Nc6 35. d5 Na5 36. Qa4 e5 37. Bh3 Nf6 38. fxe5 dxe5 39. d6 Qd8 40. Bg2 Nb7 41.
Qxa6 Nxd6 42. Qc6 Nxc4 43. Nxc4 Ng4+ 44. Kh3 Nf2+ 1/2-1/2

[Event "Plzen, FSB A"]
[Site "?"]
[Date "2001.??.??"]
[Round "5.12"]
[White "Seeger, W."]
[Black "Konopka, M."]
[Result "0-1"]
[WhiteElo "2150"]
[BlackElo "2479"]
[PlyCount "82"]
[EventDate "2000.??.??"]
[Source "ChessBase"]
[SourceDate "1996.11.15"]

1. d4 Nf6 2. Nf3 g6 3. c4 Bg7 4. Nc3 d5 5. e3 O-O 6. cxd5 Nxd5 7. Bc4 Nxc3 8.
bxc3 c5 9. O-O Nc6 10. Rb1 Qc7 11. Be2 Rd8 12. Qa4 Bf5 13. Rb5 cxd4 14. cxd4 b6
15. Ba3 a6 16. Rb2 b5 17. Qd1 e5 18. Bc5 exd4 19. exd4 Be4 20. Rd2 Bh6 21. Rb2
Bg7 22. Rd2 Bd5 23. Re1 Rd7 24. Bf1 Rad8 25. a4 bxa4 26. Qxa4 Bxf3 27. gxf3
Nxd4 28. Bxd4 Bxd4 29. Qxa6 Qc3 30. Rde2 Qxf3 31. Bg2 Qf4 32. Qc6 Kg7 33. Qf3
Qg5 34. Qg3 Qc5 35. Rf1 Rd6 36. Bf3 Rf6 37. Re4 Rd5 38. Bg2 Bxf2+ 39. Rxf2 Rdf5
40. Ree2 Qc1+ 41. Bf1 Rg5 0-1

[Event "Plzen, FSB A"]
[Site "?"]
[Date "2001.??.??"]
[Round "5.13"]
[White "Falout, L."]
[Black "Freisler, P."]
[Result "0-1"]
[WhiteElo "2163"]
[BlackElo "2350"]
[PlyCount "62"]
[EventDate "2000.??.??"]
[Source "ChessBase"]
[SourceDate "1996.11.15"]

1. e4 Nf6 2. e5 Nd5 3. c4 Nb6 4. c5 Nd5 5. Bc4 e6 6. d4 b6 7. Bxd5 exd5 8. cxb6
axb6 9. Nc3 c6 10. Nge2 d6 11. f4 Be7 12. O-O f6 13. Ng3 dxe5 14. fxe5 O-O 15.
Qb3 Ba6 16. Rf3 fxe5 17. Rxf8+ Bxf8 18. dxe5 Nd7 19. Bf4 Nc5 20. Qc2 Nd3 21.
Nge2 Nxf4 22. Nxf4 Qg5 23. Qd2 Bc5+ 24. Kh1 Rf8 25. g3 Qxe5 26. Re1 Qg5 27. Qc2
Bc8 28. Qg2 Bd6 29. h4 Qg4 30. Ncxd5 Bxf4 31. Nxf4 Rxf4 0-1

[Event "Plzen, FSB A"]
[Site "?"]
[Date "2001.??.??"]
[Round "5.14"]
[White "Rodkin, R."]
[Black "Vaculik, M."]
[Result "1-0"]
[WhiteElo "2314"]
[BlackElo "2144"]
[PlyCount "105"]
[EventDate "2000.??.??"]
[Source "ChessBase"]
[SourceDate "1996.11.15"]

1. d4 Nf6 2. Bg5 e6 3. Nd2 d5 4. Ngf3 a6 5. e3 Be7 6. Bd3 Nbd7 7. h3 c5 8. c3
b5 9. O-O Bb7 10. a4 c4 11. Bc2 b4 12. cxb4 Bxb4 13. Ne5 Qb6 14. f4 Bxd2 15.
Qxd2 Ne4 16. Bxe4 Nxe5 17. fxe5 dxe4 18. a5 Qb5 19. Bh4 Bd5 20. Be1 Rb8 21. Qf2
Rf8 22. Bc3 Qd7 23. Qg3 Rg8 24. Rf4 g6 25. Rh4 Rg7 26. Qg5 Kf8 27. Rf1 Qe7 28.
Qf6 h5 29. Kh2 Qxf6 30. exf6 Rh7 31. g4 Ke8 32. gxh5 gxh5 33. Rg1 Kd7 34. Rg5
Rbh8 35. Kg3 Rh6 36. Rf4 Kc6 37. Rg7 e5 38. dxe5 Kd7 39. Kh4 Ke6 40. Rf1 Kd7
41. Rd1 Ke6 42. Rxd5 Kxd5 43. Rxf7 R6h7 44. Rg7 Ke6 45. Rg1 Rf7 46. Ra1 Rg8 47.
Ra4 Rc7 48. Rb4 Kf5 49. Rb6 Rh7 50. e6 Rg4+ 51. hxg4+ hxg4+ 52. Kg3 Rh3+ 53.
Kg2 1-0

[Event "Plzen, FSB A"]
[Site "?"]
[Date "2001.??.??"]
[Round "5.18"]
[White "Juptner, J."]
[Black "Tuma, J."]
[Result "1/2-1/2"]
[WhiteElo "2229"]
[BlackElo "1862"]
[PlyCount "122"]
[EventDate "2000.??.??"]
[Source "ChessBase"]
[SourceDate "1996.11.15"]

1. d4 d5 2. c4 c6 3. Nf3 Nf6 4. Nc3 e6 5. e3 Nbd7 6. Bd3 dxc4 7. Bxc4 b5 8. Bd3
Bb7 9. e4 b4 10. Na4 c5 11. Nxc5 Nxc5 12. dxc5 Bxc5 13. Qe2 Qb6 14. O-O Rd8 15.
Bg5 h6 16. Bh4 g5 17. Bg3 Rxd3 18. Qxd3 Nxe4 19. Ne5 O-O 20. Rad1 f5 21. Kh1
Ba6 22. Nc4 Qc6 23. f3 Nxg3+ 24. hxg3 Qe8 25. g4 f4 26. Rfe1 Be3 27. Qe4 Bxc4
28. Qxc4 h5 29. Qe4 hxg4 30. fxg4 Rf6 31. Rxe3 fxe3 32. Qxe3 Rf4 33. Rd6 Rf1+
34. Kh2 Qe7 35. Qxe6+ Qxe6 36. Rxe6 Rf2 37. Re5 Rxb2 38. Rxg5+ Kf7 39. Ra5 b3
40. Rxa7+ Kg6 41. axb3 Rxb3 42. Ra5 Rc3 43. Rf5 Ra3 44. Rf3 Ra2 45. Kh3 Rb2 46.
Rc3 Ra2 47. Rc5 Rb2 48. Rc3 Ra2 49. Kg3 Rb2 50. Rf3 Ra2 51. Rf2 Ra3+ 52. Kh4
Ra1 53. Rb2 Rh1+ 54. Kg3 Ra1 55. Re2 Rf1 56. Rf2 Ra1 57. Rc2 Rf1 58. Rc3 Ra1
59. Kh4 Rh1+ 60. Rh3 Ra1 61. g3 Ra8 1/2-1/2

[Event "Plzen, FSB A"]
[Site "?"]
[Date "2001.??.??"]
[Round "5.19"]
[White "Kukacka, M."]
[Black "Kacmarik, L."]
[Result "1/2-1/2"]
[WhiteElo "2123"]
[BlackElo "2226"]
[PlyCount "81"]
[EventDate "2000.??.??"]
[Source "ChessBase"]
[SourceDate "1996.11.15"]

1. e4 c5 2. Nf3 Nc6 3. d4 cxd4 4. Nxd4 e5 5. Nb5 d6 6. N1c3 a6 7. Na3 b5 8. Nd5
Nce7 9. c4 Nxd5 10. exd5 bxc4 11. Bxc4 Nf6 12. f4 Qb6 13. Qe2 Be7 14. Be3 Qb4+
15. Qd2 Qxd2+ 16. Bxd2 Bb7 17. O-O Nxd5 18. Rad1 Nxf4 19. Bxf4 exf4 20. Rxf4
O-O 21. Bd5 Rab8 22. b3 Bc8 23. Nc4 Bg5 24. Rxf7 Rxf7 25. Nxd6 Be3+ 26. Kh1 Kf8
27. Bxf7 Bg4 28. Rf1 Be2 29. Re1 Rd8 30. Rxe2 Rxd6 31. g3 Kxf7 32. Rxe3 Rd1+
33. Kg2 Rd2+ 34. Kh3 Rxa2 35. Rc3 Kg6 36. Rc6+ Kf5 37. Rc5+ Ke6 38. Rc7 Kf6 39.
Rc6+ Kg5 40. b4 h5 41. b5 1/2-1/2

[Event "Plzen, FSB A"]
[Site "?"]
[Date "2001.??.??"]
[Round "5.20"]
[White "Houskova, M."]
[Black "Hrbolka jr., L."]
[Result "0-1"]
[WhiteElo "1979"]
[BlackElo "2197"]
[PlyCount "86"]
[EventDate "2000.??.??"]
[Source "ChessBase"]
[SourceDate "1996.11.15"]

1. e4 c5 2. Nf3 d6 3. d4 cxd4 4. Nxd4 Nf6 5. Nc3 Nc6 6. Be2 e5 7. Nb3 Be7 8.
O-O O-O 9. Be3 a5 10. a4 Nb4 11. f4 d5 12. fxe5 Nxe4 13. Nxe4 dxe4 14. c3 Nc6
15. Qc2 Be6 16. Nd2 Nxe5 17. Qxe4 Qc7 18. Bd4 Bd6 19. Kh1 Ng6 20. Nf3 Rae8 21.
Qc2 Bd5 22. h3 Nf4 23. Rae1 Nxe2 24. Rxe2 Rxe2 25. Qxe2 Bc4 26. Qf2 Bg3 27. Qg1
Bxf1 28. Qxf1 Qc6 29. Qc1 h6 30. Qc2 Re8 31. Kg1 Qe4 32. Qxe4 Rxe4 33. Kf1 g5
34. b3 f5 35. Bf2 Bxf2 36. Kxf2 Kf7 37. Nd2 Re6 38. Nc4 b6 39. Kf3 Ke7 40. h4
Kd7 41. hxg5 hxg5 42. Ne3 Rc6 43. Nc4 Rxc4 0-1

[Event "Plzen, FSB A"]
[Site "?"]
[Date "2001.??.??"]
[Round "5.21"]
[White "Bender, I."]
[Black "Tuzil, V."]
[Result "1-0"]
[WhiteElo "2183"]
[BlackElo "1992"]
[PlyCount "73"]
[EventDate "2000.??.??"]
[Source "ChessBase"]
[SourceDate "1996.11.15"]

1. d4 d5 2. c4 e6 3. Nc3 Nf6 4. Bg5 Be7 5. e3 Nbd7 6. Rc1 O-O 7. Nf3 h6 8. Bh4
b6 9. Bd3 Bb7 10. O-O c5 11. Qe2 dxc4 12. Bxc4 cxd4 13. Nxd4 Nd5 14. Bxd5 exd5
15. Bxe7 Qxe7 16. Rfd1 Nc5 17. Qg4 Rad8 18. h3 Qf6 19. Qf5 Qh4 20. Qe5 Rfe8 21.
Qxg7+ Kxg7 22. Nf5+ Kf6 23. Nxh4 Ne6 24. Nf3 Rg8 25. Nd4 a6 26. Nce2 Nc5 27.
Nf4 Rc8 28. Nde2 Ke5 29. Nc3 Rcd8 30. Nce2 Rc8 31. f3 Rcd8 32. Kf2 Rge8 33. Rd2
Rd6 34. b4 Ne6 35. Nh5 Red8 36. f4+ Kf5 37. g4+ 1-0

[Event "Plzen, FSB A"]
[Site "?"]
[Date "2001.??.??"]
[Round "5.22"]
[White "Bujak, M."]
[Black "Neuman, P."]
[Result "0-1"]
[WhiteElo "2121"]
[BlackElo "2438"]
[PlyCount "112"]
[EventDate "2000.??.??"]
[Source "ChessBase"]
[SourceDate "1996.11.15"]

1. e4 d6 2. d4 Nf6 3. Nc3 e5 4. dxe5 dxe5 5. Qxd8+ Kxd8 6. Bg5 Be6 7. O-O-O+
Nbd7 8. Bb5 c6 9. Ba4 Kc7 10. Bb3 Bxb3 11. axb3 h6 12. Bxf6 Nxf6 13. Nf3 Re8
14. Rd2 b5 15. Re2 Bc5 16. Rd1 Re7 17. Ne1 a5 18. Nd3 Bd4 19. Kd2 h5 20. Ra1
Bb6 21. f3 h4 22. Nd1 Nh5 23. N1f2 Rd7 24. Ke1 f6 25. Kf1 g6 26. Ree1 Ng7 27.
Ng4 Rf8 28. Rad1 Ne6 29. Rd2 Nd4 30. Red1 h3 31. Ndf2 hxg2+ 32. Kxg2 Re7 33.
Re1 Ne6 34. Nd3 Rh7 35. Kh1 Rd7 36. Red1 Rdf7 37. Re1 Re7 38. Red1 Kc8 39. Re1
Rh7 40. Red1 Re7 41. Rf1 Bc7 42. Re1 Rh7 43. Rg1 Rd7 44. Rgd1 Bb6 45. Kg2 Rh7
46. Kh1 Rh3 47. Rf1 Ng5 48. Ne1 Bd8 49. Re2 Ne6 50. Rd2 Be7 51. Nd3 Ng5 52.
Rdf2 Rfh8 53. Ne1 Kd7 54. Re2 Ne6 55. Nd3 Kc7 56. f4 R8h4 0-1

[Event "Plzen, FSB A"]
[Site "?"]
[Date "2001.??.??"]
[Round "5.23"]
[White "Reitinger, P."]
[Black "Jedlicka, A."]
[Result "0-1"]
[WhiteElo "2119"]
[BlackElo "2253"]
[PlyCount "58"]
[EventDate "2000.??.??"]
[Source "ChessBase"]
[SourceDate "1996.11.15"]

1. e4 c5 2. Nf3 d6 3. d4 cxd4 4. Nxd4 Nf6 5. Nc3 a6 6. Be3 e5 7. Nb3 Be6 8. f3
Nbd7 9. Qd2 Be7 10. O-O-O b5 11. g4 h6 12. Qf2 Qc7 13. h4 b4 14. Nd5 Bxd5 15.
exd5 Bd8 16. Bh3 Nb6 17. Bxb6 Qxb6 18. Qe2 O-O 19. f4 exf4 20. g5 Re8 21. Qf3
Re3 22. Qxf4 Nh5 23. Qg4 g6 24. Rhe1 hxg5 25. Nd4 Rxe1 26. Rxe1 Bf6 27. Nf5 Qf2
28. Rf1 gxf5 29. Qxh5 Qe3+ 0-1

[Event "Plzen, FSB A"]
[Site "?"]
[Date "2001.??.??"]
[Round "5.24"]
[White "Pospisil, E."]
[Black "Plasgura, P."]
[Result "0-1"]
[WhiteElo "2116"]
[BlackElo "2234"]
[PlyCount "64"]
[EventDate "2000.??.??"]
[Source "ChessBase"]
[SourceDate "1996.11.15"]

1. d4 c5 2. d5 d6 3. c4 e5 4. Nc3 Be7 5. Nf3 a6 6. h3 f5 7. e4 f4 8. Be2 Nf6 9.
Bd2 O-O 10. a3 Bd7 11. Qc2 Qc8 12. Bd3 b5 13. b3 Qe8 14. Ke2 Kh8 15. cxb5 axb5
16. a4 c4 17. bxc4 bxc4 18. Bxc4 Qg6 19. Ne1 Rc8 20. Qd3 Ra7 21. Nc2 Nxe4 22.
g4 Nxc3+ 23. Bxc3 e4 24. Qd4 Rac7 25. Na3 Bf6 26. Qd2 e3 27. fxe3 fxe3 28. Qe1
Rxc4 29. Bxf6 Bxg4+ 30. hxg4 Qxg4+ 31. Kd3 Qe4+ 32. Ke2 Rc2+ 0-1

[Event "Plzen, FSB A"]
[Site "?"]
[Date "2001.??.??"]
[Round "5.25"]
[White "Priborsky, I."]
[Black "Bartos, J."]
[Result "1/2-1/2"]
[WhiteElo "2084"]
[BlackElo "2229"]
[PlyCount "85"]
[EventDate "2000.??.??"]
[Source "ChessBase"]
[SourceDate "1996.11.15"]

1. e4 e5 2. Nf3 Nf6 3. Nxe5 d6 4. Nf3 Nxe4 5. d4 d5 6. Bd3 Be7 7. O-O Nc6 8. c4
Nb4 9. Be2 O-O 10. Nc3 Bf5 11. a3 Nxc3 12. bxc3 Nc6 13. Re1 Bf6 14. Bf4 Na5 15.
cxd5 Qxd5 16. Nd2 c5 17. Bf3 Qd8 18. Ne4 Bxe4 19. Bxe4 cxd4 20. cxd4 Bxd4 21.
Rb1 Rc8 22. Rb5 Bb6 23. Qh5 g6 24. Qf3 Rc5 25. Rxc5 Bxc5 26. Rd1 Qf6 27. h3 Rd8
28. Rxd8+ Qxd8 29. Bd5 Qf6 30. Qe4 Qe7 31. Qd3 Nc6 32. Be4 Bxa3 33. g3 Bc5 34.
Bh6 Qf6 35. Bf4 Qa1+ 36. Kg2 Qb2 37. Qf1 a5 38. Qe1 Bb4 39. Qe3 Qd4 40. Qf3 Ne5
41. Bxe5 Qxe5 42. Bxb7 Kg7 43. Bd5 1/2-1/2

[Event "Plzen, FSB A"]
[Site "?"]
[Date "2001.??.??"]
[Round "5.26"]
[White "Skacel, J."]
[Black "Balin, J."]
[Result "0-1"]
[WhiteElo "2095"]
[BlackElo "2212"]
[PlyCount "42"]
[EventDate "2000.??.??"]
[Source "ChessBase"]
[SourceDate "1996.11.15"]

1. d4 Nf6 2. c4 c5 3. dxc5 e6 4. Nc3 Bxc5 5. e3 O-O 6. Nf3 Nc6 7. a3 a5 8. Be2
d5 9. cxd5 exd5 10. Nb5 Qe7 11. O-O Bg4 12. Re1 Rfe8 13. Bd2 Ne4 14. Bc3 Nxf2
15. Kxf2 Qxe3+ 16. Kg3 Re4 17. Nbd4 Qf4+ 18. Kf2 Nxd4 19. Kf1 Nf5 20. Bd3 Rxe1+
21. Qxe1 Ne3+ 0-1

[Event "Plzen, FSB A"]
[Site "?"]
[Date "2001.??.??"]
[Round "5.27"]
[White "Hercik, J."]
[Black "Havranek, M."]
[Result "0-1"]
[WhiteElo "2065"]
[BlackElo "2210"]
[PlyCount "45"]
[EventDate "2000.??.??"]
[Source "ChessBase"]
[SourceDate "1996.11.15"]

1. e4 c5 2. f4 Nc6 3. g3 g6 4. Bg2 Bg7 5. c3 d6 6. Na3 e6 7. Qe2 Nge7 8. d3 Rb8
9. Be3 b5 10. Rc1 a5 11. Nh3 O-O 12. e5 dxe5 13. Bxc5 Re8 14. fxe5 Nxe5 15. d4
Nc4 16. Nxc4 bxc4 17. Rc2 e5 18. Qxc4 exd4 19. O-O Be6 20. Qa4 Nf5 21. Rd2 Ne3
22. Re1 Nxg2 23. Kxg2 0-1

[Event "Plzen, FSB A"]
[Site "?"]
[Date "2001.??.??"]
[Round "5.28"]
[White "Miskovsky, P."]
[Black "Vladyka, V."]
[Result "1/2-1/2"]
[WhiteElo "2209"]
[BlackElo "2057"]
[PlyCount "38"]
[EventDate "2000.??.??"]
[Source "ChessBase"]
[SourceDate "1996.11.15"]

1. Nf3 c5 2. b3 Nf6 3. Bb2 e6 4. e3 Be7 5. Be2 O-O 6. O-O Nc6 7. c4 d5 8. d3
dxc4 9. bxc4 Qb6 10. Qc2 Nd7 11. Nbd2 Bf6 12. Rfb1 Bxb2 13. Qxb2 Qxb2 14. Rxb2
e5 15. Ne1 b6 16. Bf3 Bb7 17. Ne4 Na5 18. Nc3 Bxf3 19. Nxf3 Nc6 1/2-1/2

[Event "Plzen, FSB A"]
[Site "?"]
[Date "2001.??.??"]
[Round "5.29"]
[White "Cvikl, M."]
[Black "Eretova, J."]
[Result "0-1"]
[WhiteElo "2038"]
[BlackElo "2189"]
[PlyCount "60"]
[EventDate "2000.??.??"]
[Source "ChessBase"]
[SourceDate "1996.11.15"]

1. d4 f5 2. Nf3 Nf6 3. c4 e6 4. e3 b6 5. Bd3 Bb7 6. O-O Ne4 7. b3 a5 8. a4 Na6
9. Ne5 Nf6 10. Be2 Be7 11. Bf3 d5 12. Ba3 O-O 13. Bxe7 Qxe7 14. Nc3 Rad8 15.
Qe2 Ne4 16. Rfc1 c5 17. Nb5 g5 18. dxc5 Naxc5 19. Qc2 Qf6 20. Nd3 Nxd3 21. Qxd3
dxc4 22. Qe2 cxb3 23. Nd4 g4 24. Bxe4 Bxe4 25. Nxb3 Bd3 26. Qa2 f4 27. Nd4 Rd6
28. Qa3 fxe3 29. fxe3 Qf2+ 30. Kh1 Bf1 0-1

[Event "Plzen, FSB A"]
[Site "?"]
[Date "2001.??.??"]
[Round "5.30"]
[White "Vales, V."]
[Black "Snajdr, J."]
[Result "1-0"]
[WhiteElo "2159"]
[BlackElo "2026"]
[PlyCount "71"]
[EventDate "2000.??.??"]
[Source "ChessBase"]
[SourceDate "1996.11.15"]

1. d4 d5 2. c4 e6 3. Nc3 c6 4. cxd5 cxd5 5. Bf4 Bd6 6. g3 Bxf4 7. gxf4 Nc6 8.
e3 Nge7 9. Nf3 a6 10. Rc1 Bd7 11. Bd3 g6 12. a3 Rc8 13. O-O Na5 14. Qe2 f6 15.
b4 Nc4 16. e4 Nb6 17. e5 f5 18. Nb1 h6 19. Nbd2 Kf7 20. Nb3 Na4 21. Nc5 Nxc5
22. bxc5 Nc6 23. Rb1 Rc7 24. Qe3 Bc8 25. Rb6 Ke8 26. h4 Rg7 27. Kg2 g5 28. hxg5
hxg5 29. Nxg5 Nxd4 30. Rh1 Rxh1 31. Kxh1 Nc6 32. Qh3 Kd7 33. Nxe6 Kxe6 34.
Qxf5+ Ke7 35. Qf6+ Ke8 36. Qxg7 1-0

[Event "Plzen, FSB A"]
[Site "?"]
[Date "2001.??.??"]
[Round "6.1"]
[White "Lechtynsky, J."]
[Black "Tolstich, N."]
[Result "1/2-1/2"]
[WhiteElo "2422"]
[BlackElo "2436"]
[PlyCount "33"]
[EventDate "2000.??.??"]
[Source "ChessBase"]
[SourceDate "1996.11.15"]

1. Nf3 c5 2. c4 Nc6 3. Nc3 e5 4. e3 Nf6 5. d4 cxd4 6. exd4 e4 7. Nd2 Bb4 8. Be2
O-O 9. O-O Re8 10. Nb3 h6 11. c5 d5 12. Nb5 a6 13. Nd6 Re7 14. a3 Ba5 15. Nxa5
Qxa5 16. Bf4 Ne8 17. b4 1/2-1/2

[Event "Plzen, FSB A"]
[Site "?"]
[Date "2001.??.??"]
[Round "6.3"]
[White "Dolezal, R."]
[Black "Cvek, R."]
[Result "1/2-1/2"]
[WhiteElo "2390"]
[BlackElo "2411"]
[PlyCount "38"]
[EventDate "2000.??.??"]
[Source "ChessBase"]
[SourceDate "1996.11.15"]

1. e4 c5 2. c3 Nf6 3. e5 Nd5 4. d4 cxd4 5. Nf3 Nc6 6. cxd4 d6 7. exd6 e6 8. Nc3
Bxd6 9. Bd3 Ncb4 10. Be4 Nxc3 11. bxc3 Nd5 12. Qb3 O-O 13. O-O Nf6 14. Bd3 b6
15. Re1 Bb7 16. Ne5 Rc8 17. Bb2 Qc7 18. c4 Nd7 19. f4 Rfe8 1/2-1/2

[Event "Plzen, FSB A"]
[Site "?"]
[Date "2001.??.??"]
[Round "6.4"]
[White "Nun, J."]
[Black "Vesselovsky, S."]
[Result "1/2-1/2"]
[WhiteElo "2389"]
[BlackElo "2405"]
[PlyCount "22"]
[EventDate "2000.??.??"]
[Source "ChessBase"]
[SourceDate "1996.11.15"]

1. e4 c5 2. c3 Nf6 3. e5 Nd5 4. d4 cxd4 5. Nf3 d6 6. cxd4 Nc6 7. Bc4 dxe5 8.
Nxe5 e6 9. O-O Be7 10. Nxc6 bxc6 11. Nc3 O-O 1/2-1/2

[Event "Plzen, FSB A"]
[Site "?"]
[Date "2001.??.??"]
[Round "6.5"]
[White "Simacek, P."]
[Black "Krapivin, V."]
[Result "1-0"]
[WhiteElo "2404"]
[BlackElo "2339"]
[PlyCount "147"]
[EventDate "2000.??.??"]
[Source "ChessBase"]
[SourceDate "1996.11.15"]

1. e4 c5 2. Nf3 d6 3. d4 cxd4 4. Nxd4 Nf6 5. Nc3 a6 6. Be3 e6 7. g4 h6 8. Rg1
b5 9. f3 Bb7 10. Qd2 b4 11. Nce2 d5 12. e5 Nfd7 13. f4 Nc5 14. Ng3 Nbd7 15. Bd3
Qc7 16. O-O-O O-O-O 17. Kb1 Kb8 18. Rc1 Na4 19. Nb3 Rc8 20. Bd4 Ndb6 21. Qe2
Nc4 22. Nh5 g6 23. Nf6 Be7 24. f5 g5 25. fxe6 fxe6 26. Rgf1 Rhf8 27. Rf3 a5 28.
Rcf1 Ba6 29. R1f2 Ka8 30. Qf1 Rfd8 31. Nh5 Bc5 32. Rf7 Qb6 33. Nxc5 Nxc5 34.
Ng7 Na3+ 35. Ka1 Bxd3 36. Bxc5 Rxc5 37. Qxd3 Nc4 38. Qd4 Rdc8 39. Rf8 Rxf8 40.
Rxf8+ Ka7 41. Nxe6 Rc6 42. Nd8 Rc7 43. Qxb6+ Kxb6 44. Rf6+ Kb5 45. Ne6 Re7 46.
Nd4+ Kc5 47. Nb3+ Kb5 48. e6 Kc6 49. Nd4+ Kd6 50. Rxh6 Re8 51. Nf5+ Ke5 52. e7
d4 53. Rh3 Kf4 54. Rh7 Ke5 55. Rf7 Ke6 56. Rf8 Kd7 57. Kb1 Ne5 58. h3 Ng6 59.
Rf7 Nxe7 60. Kc1 Ke6 61. Rxe7+ Rxe7 62. Nxe7 Kxe7 63. Kd2 Kd6 64. Ke2 Ke5 65.
Kf3 a4 66. a3 bxa3 67. bxa3 Kd5 68. h4 gxh4 69. g5 h3 70. Kg3 Kc4 71. g6 Kc3
72. g7 Kxc2 73. g8=Q d3 74. Qc4+ 1-0

[Event "Plzen, FSB A"]
[Site "?"]
[Date "2001.??.??"]
[Round "6.6"]
[White "Chudinovskich, A."]
[Black "Cioara, A."]
[Result "0-1"]
[WhiteElo "2362"]
[BlackElo "2403"]
[PlyCount "74"]
[EventDate "2000.??.??"]
[Source "ChessBase"]
[SourceDate "1996.11.15"]

1. e4 c6 2. Nc3 d5 3. Nf3 Bg4 4. h3 Bxf3 5. Qxf3 e6 6. d3 Bb4 7. Bd2 Nd7 8. a3
Ba5 9. g3 Ne7 10. Bg2 O-O 11. O-O f5 12. exd5 Bxc3 13. Bxc3 Nxd5 14. Qe2 Qe8
15. Bd2 e5 16. c4 Nc7 17. Bb4 Rf6 18. Bc3 Re6 19. Rfe1 Nc5 20. Qc2 Rd8 21. Rad1
e4 22. dxe4 Rxd1 23. Rxd1 Nxe4 24. Bd4 b6 25. b4 Qe7 26. Bb2 Ne8 27. Qc1 N8d6
28. c5 bxc5 29. bxc5 Ne8 30. Bd4 Nc7 31. Qf4 g6 32. a4 Qf7 33. Rb1 Nd5 34. Rb8+
Re8 35. Bxe4 Nxf4 36. Rxe8+ Qxe8 37. Bf3 Ne2+ 0-1

[Event "Plzen, FSB A"]
[Site "?"]
[Date "2001.??.??"]
[Round "6.7"]
[White "Chytilek, R."]
[Black "Trickov, V."]
[Result "0-1"]
[WhiteElo "2411"]
[BlackElo "2313"]
[PlyCount "60"]
[EventDate "2000.??.??"]
[Source "ChessBase"]
[SourceDate "1996.11.15"]

1. e4 c5 2. Nf3 d6 3. d4 Nf6 4. Nc3 cxd4 5. Nxd4 a6 6. f4 e5 7. Nf3 Qc7 8. a4
Be7 9. Bd3 Be6 10. Qe2 h6 11. f5 Bd7 12. O-O Bc6 13. Bd2 Nbd7 14. b4 Nb6 15.
Be1 O-O 16. a5 Nbd7 17. Bc4 Nxe4 18. Nxe4 d5 19. Bd3 dxe4 20. Bxe4 Rfe8 21. c3
Bb5 22. c4 Bxc4 23. Qc2 Rac8 24. Rf2 Nf6 25. Bc3 Bd6 26. Nd2 Bb5 27. Rc1 Qxc3
28. Qxc3 Rxc3 29. Rxc3 Bxb4 30. Re3 Bc5 0-1

[Event "Plzen, FSB A"]
[Site "?"]
[Date "2001.??.??"]
[Round "6.8"]
[White "Konopka, M."]
[Black "Novak, P."]
[Result "1/2-1/2"]
[WhiteElo "2479"]
[BlackElo "2237"]
[PlyCount "92"]
[EventDate "2000.??.??"]
[Source "ChessBase"]
[SourceDate "1996.11.15"]

1. Nf3 d5 2. d4 c5 3. c4 e6 4. cxd5 exd5 5. Nc3 Nf6 6. g3 Nc6 7. Bg2 Be7 8. O-O
O-O 9. Bg5 cxd4 10. Nxd4 h6 11. Be3 Re8 12. Rc1 Bf8 13. h3 Be6 14. Qa4 Na5 15.
Nxe6 fxe6 16. b3 a6 17. Qd4 Ba3 18. Rc2 Rc8 19. Qd1 b5 20. Nb1 Bd6 21. Qd2 Nc6
22. Rfc1 Qd7 23. a3 Ne7 24. f4 Rxc2 25. Rxc2 Rc8 26. Bf3 Rxc2 27. Qxc2 Qc6 28.
Qxc6 Nxc6 29. a4 Na5 30. axb5 axb5 31. Nc3 b4 32. Nb5 Be7 33. Nc7 Kf7 34. f5
exf5 35. Nxd5 Nxb3 36. Nxf6 Kxf6 37. Bd5 Bc5 38. Bxb3 Bxe3+ 39. Kg2 Ke5 40. Kf3
Kd4 41. Be6 Bg5 42. Bxf5 b3 43. Bg6 Kc3 44. Bd3 Kd4 45. Bg6 b2 46. h4 Bd2
1/2-1/2

[Event "Plzen, FSB A"]
[Site "?"]
[Date "2001.??.??"]
[Round "6.9"]
[White "Galicek, S."]
[Black "Michalek, J."]
[Result "1/2-1/2"]
[WhiteElo "2172"]
[BlackElo "2365"]
[PlyCount "122"]
[EventDate "2000.??.??"]
[Source "ChessBase"]
[SourceDate "1996.11.15"]

1. d4 Nf6 2. c4 g6 3. g3 Bg7 4. Bg2 O-O 5. Nc3 d6 6. Nf3 Nbd7 7. O-O e5 8. e4
h6 9. h3 Nh7 10. Be3 Ng5 11. Nxg5 hxg5 12. Qd2 exd4 13. Bxd4 Ne5 14. b3 c5 15.
Bxe5 Bxe5 16. Rad1 g4 17. hxg4 Bxg4 18. Ne2 Bxe2 19. Qxe2 Qf6 20. Bf3 a6 21.
Bg4 Rfe8 22. Kg2 Bd4 23. Bf3 Re7 24. a4 Rae8 25. Qd3 Kg7 26. Rh1 Qg5 27. Rh4
Rh8 28. Rxh8 Kxh8 29. Qd2 Qxd2 30. Rxd2 f6 31. Rd1 Rh7 32. Be2 Kg8 33. Bd3 Kf7
34. Bb1 Rh6 35. Rd3 Ke6 36. Rf3 Kd7 37. Bc2 Kc6 38. Bd1 Kb6 39. Be2 Ka5 40. Bd1
Kb4 41. Rd3 Rh7 42. f4 Re7 43. Kf3 Rh7 44. Kg2 Ka3 45. Rd2 b6 46. Re2 Kb4 47.
Bc2 Rh6 48. Re1 Kc3 49. Bd1 Rh8 50. Rf1 Rh7 51. Rf3+ Kd2 52. Rf1 b5 53. cxb5
axb5 54. axb5 Rb7 55. Bg4 d5 56. exd5 f5 57. Rd1+ Kc2 58. Be2 Kxb3 59. d6 Rd7
60. b6 Rxd6 61. b7 Rb6 1/2-1/2

[Event "Plzen, FSB A"]
[Site "?"]
[Date "2001.??.??"]
[Round "6.10"]
[White "Porat, S."]
[Black "Freisler, P."]
[Result "1-0"]
[WhiteElo "2230"]
[BlackElo "2350"]
[PlyCount "67"]
[EventDate "2000.??.??"]
[Source "ChessBase"]
[SourceDate "1996.11.15"]

1. d4 Nf6 2. c4 d6 3. Nc3 Nbd7 4. e4 e5 5. d5 Be7 6. Bd3 O-O 7. Nf3 c6 8. O-O
cxd5 9. cxd5 Nc5 10. Bc2 a5 11. Be3 b6 12. h3 Ba6 13. Re1 Qc7 14. a3 Rfc8 15.
Rc1 Ncd7 16. Ba4 Nc5 17. Bc2 Ncd7 18. Bb1 b5 19. Nxb5 Qb7 20. Rxc8+ Rxc8 21.
Na7 Re8 22. Qc2 Nb8 23. Rc1 Bd8 24. Nc8 Qd7 25. Qb3 Bxc8 26. Qxb8 Bb7 27. Qa7
Qb5 28. Nd2 Re7 29. Qb8 Re8 30. Qxd6 Qxb2 31. Nc4 Qb3 32. Qc5 Nd7 33. Qa7 Bc7
34. Nd2 1-0